| 000 | 004040000a22001690004500 | ||
|---|---|---|---|
| 003 | MACL | ||
| 005 | 20160105124902.0 | ||
| 008 | 160105b xxu||||| |||| 00| 0 eng d | ||
| 040 |
_aMACL _cMACL |
||
| 041 | _aEnglish | ||
| 082 | _a823/BEL | ||
| 100 |
_aBelloc,H. _927885 |
||
| 245 | _aHills and The Sea | ||
| 260 |
_bMethuen & Co. _c1913 _aLondon |
||
| 650 |
_aStories _927886 |
||
| 942 |
_cBK _k823/BEL _2ddc |
||
| 999 |
_c37691 _d37691 |
||